Characters Who Have Lifted Thor's Hammer - Statistics

General Stats
  • This quiz has been taken 418 times
  • The average score is 5 of 8
Answer Stats
Character % Correct
Captain America
97%
Thor
93%
Odin
80%
Vision
79%
Hela
59%
Thanos
47%
Jane Foster
44%
Groot
30%
No matching quizzes found
Score Distribution
Percent of People with Each Score
Percentile by Number Answered
Your Score History
You have not taken this quiz